LEADER 01936nam2 2200361 i 450 001 TO00121128 005 20251003044402.0 100 $a20000101g1976 ||||0itac50 ba 101 | $aita 102 $ait 181 1$6z01$ai $bxxxe 182 1$6z01$an 200 1 $aˆ13: Il ‰Granducato di Toscana. 461 1$1001MES0007065$12001 $aStoria d'Italia$fdiretta da Giuseppe Galasso$v13 463 1$1001AQ10025794$12001 $aˆ2: I ‰Lorena dalla reggenza agli anni rivoluzionari$fFurio Diaz, Luigi Mascilli Migliorini, Carlo Mangio$v2 463 1$1001CFI0081955$12001 $aˆ1: I ‰Medici$fFurio Diaz$v1 463 1$1001IEI0001931$12001 $aˆt. 1: I ‰Medici$fFurio Diaz$v13. t. 1 463 1$1001RML0400661$12001 $aˆ3 :‰Dagli anni francesi all'Unità$fRomano Paolo Coppini 463 1$1001TO00121137$12001 $aˆ3: ‰Dagli anni francesi all'unità$fRomano Paolo Coppini$v3 606 $aToscana $xStoria$x1799-1859$2FIR$3LO1C042162$9I 676 $a945$9STORIA. ITALIA$v21 676 $a945.5$9$v21 801 3$aIT$bIT-000000$c20000101 850 $aIT-BN0095 $aIT-SA0060 $aIT-NA0243 $aIT-SA0112 $aIT-SA0255 $aIT-CE0011 $aIT-AV0011 $aIT-AV0001 $aIT-NA0043 $aIT-AV0003 $aIT-AV0007 $aIT-NA0079 $aIT-NA0070 $aIT-NA0120 $aIT-CE0127 $aIT-NA0581 $aIT-NA0261 $aIT-NA0298 $aIT-BN0052 $aIT-AV0045 $aIT-BN0015 $aIT-NA0312 $aIT-NA0097 901 $bNAP FC$cCONTINUAZ.$n$ 901 $bNAP MG$cA $n$ 901 $bNAP GC$cMEDIATECA2$n$ 901 $bNAP 27$cCOLL. $n$ 912 $aTO00121128 967 $m5 977 $a 01$a 27$a 67$a 84$a 99$a AC$a AH$a AL$a AN$a AR$a AV$a BN$a BU$a CR$a CT$a FC$a FT$a GC$a MG$a MV$a PB$a SC$a SP 996 $aGranducato di Toscana$9993799 997 $aUNISANNIO